K dejinám mladšej vetvy rodu Wilczekovcov v 18. - 20. storočí

Bibliographic Details
Main Author: Hupko, Daniel (Author)
Format: Article
Language:Slovak
PhysicalDescription:Obr.
ISBN:9788089388677
Subjects:

MARC

LEADER 00000naa a2200000 a 4500
001 vtls011496000
003 SK-MaSNL
005 20260302132857.0
008 160222 2015 xo 100 b slo
015 |a SNBRA 2015  |2 svkbbbg 
038 |a SVKBBBG 
040 |a SVKBBBG  |b slo  |c SVKBBBG  |e AACR2 
041 0 |a slo  |g eng 
044 |a xo  |c SK 
072 7 |a 929.5/.9  |x Genealógia. Heraldika. Šľachta. Vlajky  |2 konspekt 
080 |a 929.732  |2 2001 
080 |a "17/19"  |2 2001 
100 1 |a Hupko, Daniel  |4 aut  |9 364762 
245 1 0 |a K dejinám mladšej vetvy rodu Wilczekovcov v 18. - 20. storočí  |c Daniel Hupko 
300 |b Obr. 
500 |a Obsahuje čiastkový rodokmeň mladšej vetvy rodu Wilczekovcov 
504 |a Bibliogr. odkazy ; pozn. 
600 3 7 |a Wilczek (rod)  |2 SVKBBPH  |9 818814 
648 7 |a 18. - 20. stor.  |2 SVKBBPH  |9 818815 
650 0 7 |a šľachtické rody  |2 SNKPH  |9 31798 
773 0 |t Šľachta stredného Slovenska a jej vplyv na kultúrny rozvoj regiónu : zborník príspevkov  |d Banská Bystrica : Štátna vedecká knižnica, Katedra histórie Filozofickej fakulty Univerzity Mateja Bela, 2015  |g S. 233-244  |z 9788089388677 
852 |a SVKBB  |b KIS3GCP 
958 |a NB 
999 |c 1314321  |d 1316251